| 000 | 01034cab a2200325 4500 | ||
|---|---|---|---|
| 001 | ABS52446 | ||
| 008 | 090401t1995 xxu||||| |||| 00| 0 eng d | ||
| 035 | _a(Sirsi) u78700 | ||
| 041 | _aeng | ||
| 100 | _aRichardson, R.L. | ||
| 245 | _aComputers and the building surveyor | ||
| 260 | _c1995 | ||
| 350 | _a0 | ||
| 490 |
_aBuilding Engineer _vMarch 1995, 26-28(3) |
||
| 520 | _aSurveys a range of PC software suitable for the building surveyor under the headings `office management`, `technical support` and `draughting`. | ||
| 650 | _a3D DRAUGHTING | ||
| 650 | _aMANAGEMENT-BUSINESS MANAGEMENT-FINANCIAL MANAGEMENT-ACCOUNTING | ||
| 650 | _aBUILDING SURVEYORS | ||
| 650 | _aCAD | ||
| 650 | _aDATABASES | ||
| 650 | _aDESIGN CALCULATIONS | ||
| 650 | _aESTIMATING | ||
| 650 | _aSPECIFICATIONS | ||
| 650 | _aSPREADSHEETS | ||
| 650 | _aWORD PROCESSING | ||
| 690 | _aBUILT ENVIRONMENT-BUILDING INSPECTION | ||
| 690 | _aMANAGEMENT-BUSINESS MANAGEMENT-INFORMATION MANAGEMENT | ||
| 942 | _n0 | ||
| 948 | _c04/03/1997 | ||
| 999 |
_c49481 _d49481 |
||